[Event "Championnat de France des Jeunes - Pupil"]
[Site "AIX LES BAINS"]
[Date "2009.04.21"]
[Round "4.13"]
[White "Scabello, Julie"]
[Black "Quossi, Anais"]
[Result "1-0"]
[WhiteElo "1520"]
[BlackElo "1350"]
[PlyCount "93"]

1. e4 c6 2. d4 d5 3. e5 Bf5 4. f4 e6 5. Nf3 c5 6. c3 Nc6 7. Be2 cxd4 8. cxd4
Bb4+ 9. Nc3 Nge7 10. O-O O-O 11. Bd3 Bxd3 12. Qxd3 h6 13. Ne2 Nf5 14. Kh1 f6
15. Rg1 fxe5 16. fxe5 Qe8 17. g4 Nfe7 18. g5 Qh5 19. Nf4 Qf7 20. gxh6 Nf5 21.
Nh4 Ncxd4 22. Qh3 Nxh6 23. Nfg6 Ne2 24. Rd1 Rfc8 25. Bg5 Rc2 26. Rf1 Qd7 27. b3
d4 28. a3 Bf8 29. Rf2 Qd5+ 30. Qg2 Qxg2+ 31. Kxg2 Ng4 32. Rf3 d3 33. Kh3 Nxh2
34. Rxd3 Rc3 35. Rxc3 Nxc3 36. Kxh2 Bc5 37. Rc1 Bd4 38. Rf1 a5 39. Kh3 Ne4 40.
Bc1 Rd8 41. Kg4 Nf2+ 42. Kg3 Ne4+ 43. Kg2 Kh7 44. Ne7 Bxe5 45. Nf3 Bf6 46. Rh1+
Bh4 47. Rxh4# 1-0

[Event "Championnat de France des Jeunes - Pupil"]
[Site "AIX LES BAINS"]
[Date "2009.04.21"]
[Round "4.14"]
[White "Parlas, Helin"]
[Black "Le Guennec, Nolwen"]
[Result "0-1"]
[WhiteElo "1340"]
[BlackElo "1480"]
[PlyCount "86"]

1. e4 c5 2. c4 Nc6 3. g3 g6 4. Bg2 Bg7 5. Ne2 Nf6 6. Nbc3 O-O 7. O-O a6 8. a4
d6 9. h3 Bd7 10. f3 b5 11. d3 b4 12. Nd5 Nxd5 13. exd5 Nd4 14. f4 Qc8 15. Nxd4
Bxd4+ 16. Kh2 Rb8 17. Qe2 Re8 18. Qf3 a5 19. Qd1 Bf6 20. Rb1 Bf5 21. g4 Bd7 22.
b3 e6 23. Bd2 Qc7 24. Qf3 exd5 25. Qxd5 Re2 26. Qf3 Rxd2 27. Qg3 g5 28. fxg5
Be5 29. Rf4 d5 30. Rbf1 Bxf4 31. Rxf4 Rxd3 32. Qf2 Rd4 33. Kh1 Qxf4 34. Qxf4
Rxf4 35. Bxd5 Rf2 36. h4 Re8 37. Kg1 Ra2 38. Kf1 Re3 39. h5 Rxb3 40. Be4 Rbb2
41. Bxh7+ Kh8 42. Ke1 Ra1+ 43. Bb1 Raxb1# 0-1

[Event "Championnat de France des Jeunes - Pupil"]
[Site "AIX LES BAINS"]
[Date "2009.04.21"]
[Round "4.15"]
[White "Duffaud, Celia"]
[Black "Rouffignac, Marie"]
[Result "1/2-1/2"]
[WhiteElo "1310"]
[BlackElo "1480"]
[PlyCount "108"]

1. c4 e5 2. Nc3 Nf6 3. g3 g6 4. Bg2 Bg7 5. e3 d6 6. Nge2 O-O 7. b3 c6 8. d4 Be6
9. dxe5 dxe5 10. Qxd8 Rxd8 11. O-O e4 12. Bb2 Rd2 13. Rab1 Na6 14. Rfd1 Rad8
15. Nd4 Rxd1+ 16. Rxd1 Nc5 17. Nxe6 Rxd1+ 18. Nxd1 fxe6 19. b4 Nd3 20. Bxf6
Bxf6 21. b5 Nc5 22. bxc6 bxc6 23. f4 g5 24. Nf2 gxf4 25. gxf4 e5 26. Nxe4 Nxe4
27. Bxe4 exf4 28. exf4 c5 29. Kf2 Kf7 30. Kg3 h5 31. a4 a5 32. Bd5+ Kg6 33. h3
Kf5 34. Kf3 Bd4 35. Bf7 h4 36. Bd5 Bb2 37. Be4+ Ke6 38. f5+ Kd6 39. Kg4 Bf6 40.
Kh5 Ke5 41. Bd3 Kf4 42. Kg6 Ke5 43. Be2 Bd8 44. Bg4 Bf6 45. Kf7 Bg5 46. Ke8 Kd6
47. Kf8 Ke5 48. Kg7 Bf6+ 49. Kf7 Bg5 50. Kg6 Bf6 51. Bf3 Bd8 52. Bg4 Bf6 53.
Kf7 Bg5 54. Kg7 Bf6+ 1/2-1/2

[Event "Championnat de France des Jeunes - Open "]
[Site "AIX LES BAINS"]
[Date "????.??.??"]
[Round "4.2"]
[White "Cheriet, Salim"]
[Black "Brandt, Anatole"]
[Result "0-1"]
[WhiteElo "1710"]
[BlackElo "1773"]
[PlyCount "46"]

1. e4 c5 2. Nf3 Nc6 3. d4 cxd4 4. Nxd4 g6 5. f3 Bg7 6. Be3 Qb6 7. Nf5 Qxb2 8.
Nxg7+ Qxg7 9. Nd2 Nf6 10. Bc4 O-O 11. Qc1 Rd8 12. Nb3 Nxe4 13. fxe4 Qc3+ 14.
Nd2 Qxe3+ 15. Kd1 d5 16. exd5 Bg4+ 17. Nf3 Bxf3+ 18. gxf3 Qxf3+ 19. Kd2 Qf4+
20. Kc3 Qd4+ 21. Kb3 Na5+ 22. Ka3 Nxc4+ 23. Kb3 Rxd5 0-1

[Event "Championnat de France des Jeunes - Open "]
[Site "AIX LES BAINS"]
[Date "????.??.??"]
[Round "4.3"]
[White "Brancherie, Johnny"]
[Black "Alliot, Kevin"]
[Result "0-1"]
[WhiteElo "1700"]
[BlackElo "1758"]
[PlyCount "66"]

1. d4 e6 2. c4 d5 3. Nc3 Nf6 4. Nf3 c6 5. cxd5 exd5 6. e3 Be6 7. Qb3 Qb6 8.
Qxb6 axb6 9. Ng5 Bf5 10. Be2 h6 11. Nf3 Bb4 12. O-O Nbd7 13. Bd2 O-O 14. b3
Bxc3 15. Bxc3 Ne4 16. Bd3 Nxc3 17. Bxf5 Nf6 18. a4 Rfe8 19. Ne5 c5 20. f3 cxd4
21. f4 dxe3 22. Rae1 d4 23. Rc1 Nfd5 24. g3 g5 25. Nc4 gxf4 26. gxf4 Nxf4 27.
Nxb6 Ra6 28. Nd7 Nfe2+ 29. Kh1 Nxc1 30. Rxc1 Rd6 31. Kg2 Rd8 32. Nc5 Rd5 33.
Nxb7 Rb8 0-1

[Event "Championnat de France des Jeunes - Open "]
[Site "AIX LES BAINS"]
[Date "????.??.??"]
[Round "4.4"]
[White "Triboulin, Boyann"]
[Black "Hector, Pierre"]
[Result "0-1"]
[WhiteElo "1675"]
[BlackElo "1739"]
[PlyCount "46"]

1. d4 Nf6 2. c4 g6 3. Nc3 d5 4. cxd5 Nxd5 5. e4 Nxc3 6. bxc3 Bg7 7. Bc4 c5 8.
Ne2 Nc6 9. Be3 O-O 10. O-O Qc7 11. dxc5 Ne5 12. Bd4 Rd8 13. Qb3 Nxc4 14. Qxc4
e5 15. Be3 Be6 16. Qb4 Rd3 17. h3 Rad8 18. Rab1 R8d7 19. a3 Qc6 20. Ng3 f5 21.
exf5 gxf5 22. Nh5 f4 23. Nxg7 Rxg7 0-1

[Event "Championnat de France des Jeunes - Open "]
[Site "AIX LES BAINS"]
[Date "????.??.??"]
[Round "4.5"]
[White "Romero, Vladimir"]
[Black "Demeure, Florian"]
[Result "1-0"]
[WhiteElo "1725"]
[BlackElo "1696"]
[PlyCount "123"]

1. e4 c5 2. Nf3 Nc6 3. d4 cxd4 4. Nxd4 Nf6 5. Nc3 d6 6. Bc4 g6 7. Be3 Ng4 8.
Bb5 Nxe3 9. Nxc6 Qd7 10. Nd4 Nxd1 11. Rxd1 Bg7 12. Bxd7+ Bxd7 13. Nd5 Rc8 14.
c3 e6 15. Ne3 O-O 16. O-O Bc6 17. Nxc6 Rxc6 18. Rd3 Rd8 19. Rfd1 b5 20. f4 a5
21. f5 gxf5 22. exf5 d5 23. fxe6 fxe6 24. Nc2 b4 25. Nd4 Rb6 26. cxb4 Bxd4+ 27.
Rxd4 Rxb4 28. Rxb4 axb4 29. Rd4 Rb8 30. Kf2 Kg7 31. Ke2 Kf6 32. Rh4 Rb7 33. Kd2
e5 34. Rh6+ Kg5 35. Re6 Kf5 36. Rh6 Kg5 37. Re6 Kf4 38. Kd3 Kf5 39. Rh6 Rg7 40.
g3 Re7 41. Rb6 e4+ 42. Ke2 d4 43. Rxb4 d3+ 44. Ke1 e3 45. Rd4 d2+ 46. Ke2 h5
47. a4 Re5 48. a5 Rxa5 49. Kxe3 d1=Q 50. Rxd1 Rb5 51. Rb1 Rb3+ 52. Kd4 Kg4 53.
Kc4 Rf3 54. b4 Kh3 55. b5 Kxh2 56. b6 Rxg3 57. b7 Rg8 58. Kd3 h4 59. Ke3 Rb8
60. Kf3 h3 61. Rb2+ Kh1 62. Kg3 1-0

[Event "Championnat de France des Jeunes - Open "]
[Site "AIX LES BAINS"]
[Date "????.??.??"]
[Round "4.6"]
[White "Durand, Victor"]
[Black "Drone, Alexandre"]
[Result "1-0"]
[WhiteElo "1856"]
[BlackElo "1640"]
[PlyCount "63"]

1. e4 e5 2. Nf3 Nc6 3. Bc4 Nf6 4. d3 h6 5. c3 d5 6. exd5 Nxd5 7. O-O Bd6 8.
Bxd5 Bg4 9. Nbd2 Qd7 10. Ne4 Be7 11. Bxc6 Qxc6 12. Nxe5 Bxd1 13. Nxc6 bxc6 14.
Rxd1 O-O 15. Be3 a5 16. Bc5 Bxc5 17. Nxc5 Rfe8 18. Re1 Rxe1+ 19. Rxe1 Rb8 20.
b3 Rd8 21. d4 Kh7 22. f3 Kg6 23. Re7 Rc8 24. Na6 a4 25. Rxc7 axb3 26. axb3 Rxc7
27. Nxc7 Kf5 28. Kf2 Kf6 29. Ke3 Ke7 30. Ke4 Kd6 31. Ne8+ Ke7 32. Nxg7 1-0

[Event "Championnat de France des Jeunes - Open "]
[Site "AIX LES BAINS"]
[Date "????.??.??"]
[Round "4.7"]
[White "Garnier, Teddy"]
[Black "Hug, Timothee"]
[Result "1-0"]
[WhiteElo "1785"]
[BlackElo "1621"]
[PlyCount "105"]

1. e4 c5 2. Nc3 d6 3. g3 Nc6 4. Bg2 g6 5. d3 Bg7 6. Be3 Nf6 7. h3 Qb6 8. Rb1 a5
9. f4 Be6 10. Nf3 Nd4 11. O-O Nxf3+ 12. Qxf3 O-O 13. g4 Qc7 14. Qg3 Bd7 15. Bf3
e6 16. f5 e5 17. g5 Ne8 18. Nd5 Qd8 19. f6 Nxf6 20. gxf6 Bxf6 21. Bh6 Bg7 22.
Bxg7 Kxg7 23. Bg4 Bxg4 24. hxg4 Qg5 25. Nf6 h5 26. Rbe1 hxg4 27. Qxg4 Qxg4+ 28.
Nxg4 f6 29. Kg2 b5 30. Ne3 a4 31. Rf3 Rac8 32. b3 axb3 33. axb3 Kf7 34. Rh1 Kg7
35. Rfh3 Rh8 36. Rxh8 Rxh8 37. Rxh8 Kxh8 38. Nd5 Kg8 39. Nxf6+ Kf7 40. Nd5 b4
41. Kg3 Ke6 42. Kg4 Kd7 43. Kg5 Kc6 44. Kxg6 c4 45. bxc4 Kc5 46. Kf5 Kd4 47.
Ke6 b3 48. cxb3 Kxd3 49. Kxd6 Kxe4 50. c5 Kd4 51. c6 e4 52. c7 e3 53. Nxe3 1-0

[Event "Championnat de France des Jeunes - Open "]
[Site "AIX LES BAINS"]
[Date "????.??.??"]
[Round "4.8"]
[White "Pluvinage, Thomas"]
[Black "Caille, Vincent"]
[Result "0-1"]
[WhiteElo "1770"]
[BlackElo "1639"]
[PlyCount "112"]

1. e4 e6 2. d4 d5 3. Nd2 Nf6 4. e5 Nfd7 5. Bd3 c5 6. c3 Nc6 7. Ne2 Qb6 8. Nf3
Be7 9. O-O h6 10. Re1 h5 11. a4 cxd4 12. cxd4 Bb4 13. Bd2 Bxd2 14. Qxd2 O-O 15.
Nc3 f6 16. exf6 Nxf6 17. Rac1 Bd7 18. h3 Rac8 19. Nb5 Nb4 20. Bf1 Ne4 21. Qd1
Bxb5 22. Bxb5 Rxc1 23. Qxc1 Qd6 24. Re2 Qb6 25. Qe3 Qc7 26. Ne1 Kh8 27. Nd3 Nc2
28. Qc1 Rc8 29. Nf4 Nxd4 30. Qe3 Nxe2+ 31. Nxe2 Qc5 32. Qf4 Rf8 33. Qe3 Qxe3
34. fxe3 Nd6 35. Bd7 Rf6 36. Nd4 e5 37. Nb5 Nxb5 38. Bxb5 d4 39. exd4 exd4 40.
Bd3 Rb6 41. Bb5 Kg8 42. Kf2 Kf7 43. Kf3 Rd6 44. Ke4 Kf6 45. g3 Kg5 46. Ke5 Rd8
47. Bd3 b5 48. b3 g6 49. Ke4 Kh6 50. Ke5 g5 51. Ke4 g4 52. hxg4 hxg4 53. Kf4
Kh5 54. Bf5 Rf8 55. Ke4 Rxf5 56. Kxf5 d3 0-1